000 00647nam a2200241 i 4500
001 C2-0004676
003 PPAK
005 20190630221823.0
008 970122s1988 my |||| ||||| | may d
020 _a9839550586
040 _aPPAK
_beng
_cPPAK
_erda
082 0 4 _a297.382
_223
090 0 0 _a297.382
_bAHM
_dG
100 0 _aAhmad Sunarto,
_eauthor
245 1 0 _aHimpunan doa-doa pilihan
264 1 _aKuala Lumpur :
_bSyarikat S. Abdul Majeed ,
_c1988
300 _a140 pages ;
_c18 cm
336 _2rdacontent
_atext
337 _2rdamedia
_aunmediated
338 _2rdacarrier
_avolume
650 1 0 _aIslamic meditations.
942 _ddc
_cB
999 _c1185
_d1185